Aby nákladní auta nevozila vzduch
Problematika efektívneho využívania nákladného auta. Burzy nákladov a voľných vozidiel, špedičné databanky. Digitalizácia a efektívne vyťaženie vozidla. Dôležitosť spolupráce medzi všetkými, ktorí sa na preprave podieľajú.
Enregistré dans:
| Auteur principal: | |
|---|---|
| Format: | Chapitre de livre |
| Langue: | tchèque |
| Sujets: | |
| Tags: |
Pas de tags, Soyez le premier à ajouter un tag!
|
MARC
| LEADER | 00000naa a2200000 4500 | ||
|---|---|---|---|
| 001 | 0257308 | ||
| 005 | 20190731125251.8 | ||
| 041 | 0 | |a cze | |
| 044 | |a CZ | ||
| 245 | 1 | 0 | |a Aby nákladní auta nevozila vzduch |c Pavel Toman |
| 520 | |a Problematika efektívneho využívania nákladného auta. Burzy nákladov a voľných vozidiel, špedičné databanky. Digitalizácia a efektívne vyťaženie vozidla. Dôležitosť spolupráce medzi všetkými, ktorí sa na preprave podieľajú. | ||
| 610 | 2 | 0 | |a doprava cestná nákladná |
| 610 | 2 | 0 | |a automobily nákladné |
| 610 | 2 | 0 | |a efektívnosť |
| 610 | 2 | 0 | |a technológie nové |
| 610 | 2 | 0 | |a digitalizácia |
| 100 | 1 | |a Toman, Pavel | |